Quizzes
Events
Quiz Creation
Community
Videos
Private Events
Remove Ads
Sign In
Join for FREE
Feedback
Dark Mode
Quiz Categories
Sports
Geography
Music
Movies
Television
Just For Fun
Miscellaneous
History
Literature
Language
Science
Gaming
Entertainment
Religion
Holiday
For Kids
Quiz Lab
Recent
Popular Today
Quiz Kudos Today
Editor Picks
Curator Picks
Quizzes by...
Day
Popularity
Type
Ratings
Length
Year
Community
Subscriptions
Recent Discussions
Orange Saloon
Badges
Playlists
Quests
Create
Leaderboards
Showdown
Live 5
Trivia Bingo
Activity
Puzzle Library
Sporcle Events
Private Events
Virtual Trivia
Globe League
Become a Host
Pub Owners
SporcleCon
Opinionation
Our Games
Videos
Blog
Mobile Apps
Partnerships
Remove Ads and Go Orange
Feedback
Music
Pop Music
The Beatles
Song
Album
Lyrics
Bands
Singers
Artist
Clip
Rock
Rap
Classical
Billboard
Country Music
Kpop
Taylor Swift
Music
Pop Music
The Beatles
Song
Album
Lyrics
Bands
Singers
Artist
Clip
Rock
Rap
Classical
Billboard
Country Music
Kpop
Taylor Swift
Random Quiz
Search Sporcle
×
Quiz Lab
Quiz Lab
Music
Song
Type in answers that appear in a list
Type in answers that appear in a list
Classic
Best Score? Go Orange.
Z100 Radio Top 50 Songs of 2013 Stats
Can you name the Z100 Radio Top 50 Songs of 2013 based on the lyric?
By
pokemonr
6m
50 Questions
142 Plays
142 Plays
142 Plays
Comments
Comments
Give Quiz Kudos
Give Quiz Kudos
-
- Ratings
hide this ad
Replay
Link that replays current quiz
Next Quiz
Link to next quiz in quiz playlist
You Got
0%
They Got
Avg Score
33%
Avg Friend Score
Upgrade to see
Score Distribution
Jump to the score distribution portion of the page
Score
0/50
Timer
06:00
0
Plays Today
Lyric
Song
% Correct
1. Okay now he was close, tried to domesticate you…
Blurred Lines
84.5%
10. Louder, louder than a lion, cause I am the champion...
Roar
75.4%
3. That we're not broken, just bent, and we can learn to love again...
Just Give Me A Reason
74.6%
11. But everybody's like: crystal, Maybach, diamonds on your timepiece, jet planes, islands , tigers on a gold leash ...
Royals
68.3%
2. Dressed in all pink, 'cept my gator shoes, those are green…
Thrift Shop
66.2%
9. Now I'm lying on the cold hard ground....
I Knew You Were Trouble
63.4%
17. It's our party, we can do what we want....
We Can't Stop
57.7%
4. Can we go back, this is the moment, tonight is the night...
Can't Hold Us
48.6%
5. We're painted red, to fit right in, whoa....
Radioactive
48.6%
18. I got this feeling on a summer day when you were gone...
I Love It
48.6%
40. We kissed, I fell, under your spell of love.
Wrecking Ball
44.4%
20. Feeling my way through the darkness...
Wake Me Up
43%
13. All pressed up in black and white...
Suit & Tie
40.1%
28. If our love is insanity why...
Clarity
39.4%
7. It's not much of a life you're living...
Stay
38%
32. When I'm gone...
Cups
38%
38. You and I go hard, at each other like we're going to war...
One More Night
37.3%
8. Now I'll never, never, get to clean up the mess I made...
When I Was Your Man
34.5%
14. Never had much faith in love or miracles...
Locked Out of Heaven
34.5%
22. And this brand new Chevy with a lift kit...
Cruise(Remix)
33.8%
35. So, I'm putting my defenses out...
Heart Attack
33.8%
6. Aren't you something, to admire...
Mirrors
33.1%
23. And baby, it's amazing I'm in this place with you...
Holy Grail
33.1%
29. And I can't change...
Same Love
33.1%
34. Find light in the beautiful sea...
Diamonds
33.1%
Lyric
Song
% Correct
12. We've come too far, to give up who we are...
Get Lucky
32.4%
36. Where there is a flame someone's bound to get burned...
Try
32.4%
16. You are now now rocking with...
Scream and Shout
29.6%
15. I belong with you...
Ho Hey
26.8%
19. I was a king, I had a gold throne...
Don't You Worry Child
25.4%
47. We gonna party like it's 3012 tonight.
Beauty and A Beat
24.6%
30. I know that you don't know me but you're fine so fine...
Treasure
23.9%
27. I can fill your cup...
Safe and Sound
23.2%
21. Here I am staring, at your perfection...
Daylight
22.5%
26. One day while my light is glowing...
Feel This Moment
21.8%
24. Na na na, na na na...
Come and Get It
21.1%
25. Jigeumbuteo gal ddaekkaji gabolkka...
Gangnam Style
21.1%
44. Hold on, to me as we go. As we roll down this unfamiliar road.
Home
20.4%
45. But here they come again to jack my style.
Some Nights
17.6%
31. Be careful making wishes in the dark, dark...
My Songs Know What You Did In The Dark (Light Em Up)
16.2%
33. So I put my faith in something unknown...
Sweet Nothing
15.5%
43. And some days I can't even dress myself, it's killing me to see you this way.
Little Talks
14.8%
37. Say, I’m thinking ’bout her every second, every hour...
The Way
13.4%
39. And I fell heavy into your arms...
I Will Wait
12%
42. Take me all the way, take me all the way.
Love Somebody
12%
48. Now that you know, this is my life, I won't be told what's supposed to be right.
Catch My Breath
11.3%
41. So this is what you meant. When you said that you were spent.
It's Time
10.6%
46. I take a deep breath every time I pass your door. I know you're there but I can't see you anymore.
I Need Your Love
10.6%
49. Sparks fly like the Fourth of July!
The Other Side
8.5%
50. And cries were cutting like knives in a fist fight.
Carry On
7.7%
Quiz Playlist
Details
Report
Send in Message
Add To Playlist
Classic:
Type in answers that appear in a list
Quiz Source
Last Updated: Feb 16, 2017
Quiz Scoreboard
CHALLENGE
Sign Up to Join the Scoreboard
Show All
Scores
Hide
Comments
May contain spoilers
Recently Published
College Basketball Coaching Resumes
by pancakes188
Sports
9m
Billboard Blitz: Fleetwood Mac
by CooCooCachoo
Music
15s
Presidents Visiting Landmarks
by Hejman
History
7m
More to Explore
Quiz From the Vault
Featured Blog Post
Where Did the Easter Bunny Come From?
hide this ad
You Might Also Like...
Tags
Artist Quiz
Song Quiz
2013
radio
Top 50
Today's Top Quizzes in Music
Browse Music
hide this ad
Today's Top Quizzes in Song
Browse Song
Top Contributed Quizzes in Music
1
Taylor Swift All Songs (2024)
2
Guess the Artist- 70s Songs
3
7-to-1: Billboard Hot 100 #1 Hits of 2010s
4
Sorting Albums and Songs
5
Taylor Swift Logic Puzzle
6
KPOP LOGIC QUIZ
7
One Thing in Common: Music
8
Guess the Taylor Swift song (Mystery Song)
9
2010s Album by Cover III
10
Guess The Taylor Swift Lyrics Song #1
Explore More
Trending Topics
Anime
Crossword
NBA
Marvel
Harry Potter
Kpop
Disney
NFL
Puzzle
Soccer
WWE
Country
Song
The Office
Pokémon
hide this ad
More By:
pokemonr
Quiz
Plays
Rating
Category
Featured
Created
Anything but Africa
192,327
3.79
Geography
Dec 2, 2014
Anything but the Americas
115,502
3.94
Geography
Apr 7, 2016
Panic! at the Disco Albums
729
4.00
Music
Mar 19, 2016
Ben 10 Aliens
606
2.33
Television
Oct 8, 2012
My Chemical Romance Albums
605
4.50
Music
Mar 20, 2016
Go to Creator's Profile
Score Distribution
Quiz Creator Spotlight
pokemonr
Follow
Send a Message
Quizzes Created
-
Created Quiz Play Count
-
More By This Creator
Popular Quizzes Today
1
Find the US States - No Outlines Minefield
2
Find the Countries of Europe - No Outlines Minefield
3
The Countries of the World
4
Find the US States
5
Risky Map Clicking: Biggest States A-Z
6
US States
7
Popular People in 1961
8
Movies - When Are They Set?
More Music Quizzes
Calvin Harris ft. Dua Lipa - One Kiss lyrics
Quiz Lab
Trending Quizzes
Risky Map Clicking: Least Populous States A-Z
1-10 Letter G Words
1-10 Letter F Words
Risky Map Clicking: Next State Alphabetically
Click the Washington State Counties! (Map)
Recently Updated
Leaping Animals
pecheneg
Reality TV Shows (A-Z)
bhenderson79
Rickey Henderson's Hall of Fame Teammates
pecheneg
Champions League XIs: Arsenal
pecheneg
Quick Pick: Celebrities in WWE's Hall of Fame
aduchscher
A-Z Keypad Blitz II
pecheneg
Multiple Oscar Actors
pecheneg
Mystery Phrase Blitz: Oscar 'Best Actors'
pecheneg
F. Scott Fitzgerald Novels
LTH
Pick 3 Villains
ddd62291
Trending Topics
Crossword
Marvel
Harry Potter
NBA
Anime
Kpop
Disney
Song
NFL
The Office
WWE
Soccer
Pokémon
Country
Puzzle
Your Account Isn't Verified!
In order to create a playlist on Sporcle, you need to verify the email address you used during registration. Go to your
Sporcle Settings
to finish the process.
Report this User
Report this user for behavior that violates our
Community Guidelines
.
Details:
Send Report
Go to the Sporcle.com Mobile Site →
Comments